00466 2200193 4500001002100000005001500021008004100036020002200077035001900099041000700118082000800125090001600133100001800149245002000167250001000187260002800197300002600225650002100251INLIS00000000002472020241224131757241224||||||||| | ||| |||| || |  a978-602-366-221-0 0010-1224024720 aid0 a741 a741.5 AAN p0 aAan Wulandari00aBuah Keikhlasan aCet.1 aSolobTiga Anandac2016 a36 hlm.; ilus.: 20 cm 0acerita bergambar